| 000 | 04538cam a22006014i 4500 | ||
|---|---|---|---|
| 003 | PE-LiUPU | ||
| 005 | 20250731172836.0 | ||
| 008 | 150911s2013 pe a r 000 0 spa d | ||
| 035 | _a(Sirsi) a154413 | ||
| 040 |
_aPE-LiUPU _bspa _cPE-LiUPU _erda |
||
| 049 | _aPRUA | ||
| 082 | 0 | 4 |
_a253.7 _bG88 _220 |
| 100 | 1 |
_aGuevara H., Dionisio, _eautor. |
|
| 245 | 1 | 0 |
_aMinisterio de grupos pequeños / _cDionisio Guevara H. |
| 246 | 3 | 4 | _aNuestra alternativa es crecer o perecer. |
| 246 | 3 | 4 | _aComo dirigir una semana de compromiso cristiano. |
| 246 | 3 | 4 | _aCelebrando el sábado con los estudiantes de la Biblia y amigos de la comunidad. |
| 246 | 3 | 4 | _aOrientación indispensable para dividir y luego multiplicar su iglesia en grupos pequeños. |
| 246 | 3 | 4 | _aOrientación indispensable para realizar evangelismo por amistad. |
| 264 | 1 |
_aLa Libertad-Perú , _c2013. |
|
| 300 |
_a108 páginas : _bilustraciones ; _c20 centímetros |
||
| 336 |
_atext _2rdacontent |
||
| 337 |
_aunmediated _2rdamedia |
||
| 338 |
_avolume _2rdacarrier |
||
| 505 | 0 |
_aVolumen 2. _tNuestra alternativa es crecer o perecer -- _gVolumen 3. _tComo dirigir una semana de compromiso cristiano. |
|
| 505 | 0 |
_aOrientación indispensable para dividir y luego multiplicar su iglesia en grupos pequeños: _tHacia un crecimiento integra, audaz y explosivo -- Propósitos que norten al grupo pequeño -- Razones para organizar los grupos pequeños -- Organizar activa de grupos pequeños -- Organización activa de grupos pequeños -- Congreso de grupos pequeños una santa convocación -- Nuestra alternativa es crecer o percer -- División y multiplicación: Resultado natural del evangelismo -- Principio de "Jetro". |
|
| 505 | 0 |
_aOrientación indispensable para realizar evangelismo por amistad: _tPrograma: Retiro espiritual -- I Ciclo de discipulado -- II Ciclo de discipulado -- Cronograma de proclamación (cultivo) Enero-Junio -- Cronograma de proclamación (cultivo) Julio - Diciembre -- Guir a los amigos de la comunidad para Cristo por medio de la conversación -- Aplicando el método correcto por excelencia de Jesús -- Actividad de proclamación -- Actividad de persuación -- Elevando la madurez espiritual por medio de la confirmación -- Capacitando, entrenando y equipando a los recién bautizados para el ministerio -- Alistando al cuerpo de líderes para el evangelio y misión en la cumunidad. |
|
| 526 | _aSEG42 | ||
| 526 | _aSEG41 | ||
| 526 | _aSEG40 | ||
| 526 | _aSEG39 | ||
| 526 | _aP94 | ||
| 526 | _aP87 | ||
| 526 | _aP86 | ||
| 526 | _aP85 | ||
| 526 | _aP77 | ||
| 526 | _aP76 | ||
| 526 | _aP35 | ||
| 650 | 0 | 4 | _aGrupos pequeños. |
| 596 | _a1 | ||
| 942 |
_2ddc _cBOOK |
||
| 999 |
_a253.7 G88 2 _wDEWEY _c7118 _i70823 _d7118 _e2017-6-26 _f2021-11-10 _g5 _lCCODEBUL1 _mBUL _n9 _p15.00 _q1 _r0 _sY _tBOOK _u2015-9-11 _xTEOLOGIA _PP35 _0COMPRA _o.STAFF. Colección Teología |
||
| 999 |
_a253.7 G88 2 _wDEWEY _c2 _i70824 _d2019-8-12 _e2017-6-16 _f2021-11-10 _g5 _lCCODEBUL1 _mBUL _n4 _p30.00 _q2 _r0 _sY _tBOOK _u2016-8-10 _xTEOLOGIA _PP35 _0COMPRA _o.STAFF. Colección Teología |
||
| 999 |
_a257.3 G88 3 _wDEWEY _c2 _i70826 _d2017-6-27 _e2017-6-26 _f2021-11-10 _g5 _lCCODEBUL1 _mBUL _n6 _p10.00 _r0 _sY _tBOOK _u2015-9-15 _xTEOLOGIA _PP35 _0COMPRA _o.STAFF. Colección Teología |
||
| 999 |
_a253.7 G88 1 _wDEWEY _c1 _i70821 _d2019-8-12 _e2018-4-27 _f2021-11-10 _g5 _lCCODEBUL1 _mBUL _n3 _p9.00 _q1 _r0 _sY _tBOOK _u2015-10-20 _xTEOLOGIA _PP35 _0COMPRA _o.STAFF. Colección Teología |
||
| 999 |
_a257.3 G88 4 _wDEWEY _c1 _i70827 _d2019-8-12 _f2021-11-10 _g5 _lCCODEBUL1 _mBUL _q1 _r0 _sY _tBOOK _u2016-8-10 _xTEOLOGIA _PP35 _0COMPRA |
||
| 999 |
_a257.3 G88 4 _wDEWEY _c2 _i70828 _d2019-8-12 _e2016-9-8 _f2021-11-10 _g5 _lCCODEBUL1 _mBUL _n1 _p9.00 _q1 _r0 _sY _tBOOK _u2016-8-10 _xTEOLOGIA _PP35 _0COMPRA _o.STAFF. Colección Teología |
||
| 999 |
_a253.7 G88 2 _wDEWEY _c1 _i70825 _d2019-8-12 _f2021-11-10 _g5 _lCCODEBUL1 _mBUL _p2.00 _q1 _r0 _sY _tBOOK _u2016-8-22 _xTEOLOGIA _PP35 _0COMPRA _o.STAFF. Colección General |
||
| 999 |
_a253.7 G88 2 _wDEWEY _c1 _i70822 _d2019-8-12 _f2021-11-10 _g5 _lCCODEBUL1 _mBUL _q1 _r0 _sY _tBOOK _u2016-8-22 _xTEOLOGIA _PP35 _0COMPRA _o.STAFF. Colección General |
||
| 999 |
_a253.7 G88 2 _wDEWEY _c1 _i70830 _d2019-8-12 _f2021-11-10 _g5 _lCCODEBUL1 _mBUL _q1 _r0 _sY _tBOOK _u2016-8-22 _xTEOLOGIA _PP35 _0COMPRA _o.STAFF. Colección General |
||
| 999 |
_a253.7 G88 2 _wDEWEY _c1 _i70829 _d2019-8-12 _e2017-6-26 _f2021-11-10 _g5 _lCCODEBUL1 _mBUL _n3 _p28.00 _q1 _r0 _sY _tBOOK _u2016-8-22 _xTEOLOGIA _PP35 _0COMPRA _o.STAFF. Colección Teología |
||
| 980 |
_81 _gALBERTO SANCHEZ Responsable de Automatización |
||